|
|
|
|
| LEADER |
00000cam a2200000 7i4500 |
| 001 |
0000001415 |
| 005 |
20030616.0 |
| 020 |
|
|
|a 9679784237
|
| 040 |
|
|
|a INS
|
| 090 |
0 |
0 |
|a HD7287.67.M3
|b H24 1992
|
| 100 |
0 |
|
|a Halim Abdullah
|
| 245 |
1 |
0 |
|a Everything the condominium developer should have told you,but didn't
|c Halim Abdullah
|
| 260 |
|
|
|a Petaling Jaya :
|b Pelanduk Publ. ,
|c 1992
|
| 300 |
|
|
|a 152p. ;
|c 24 cm.
|
| 650 |
0 |
0 |
|a Condominiums
|
| 650 |
0 |
0 |
|a Condominiums
|x Law and Legislation
|
| 650 |
0 |
0 |
|a Condominiums
|z Malaysia
|
| 650 |
0 |
0 |
|a House buying
|
| 999 |
|
|
|a 0000004862
|b BOOK
|c Open Shelf
|e Default branch
|